000 00836nam a22002057a 4500
003 OSt
005 20250212083525.0
008 241003b |||||||| |||| 00| 0 eng d
040 _c0
100 _aBalofinos, Lady Deborah Sheena.
_eauthor.
_962148
245 _aPurchase Decision of smartphone users in um digos college /
_cLady Deborah Sheena Balofinos, Jaycel S. Himarangan, Jayrick P. Manzano, and Melody A. Malnegro.
260 _aPhilippines ;
_bUniversity of Mindanao,
_c2021.
300 _avolume 13, pages 186-210.
500 _aResearch Journal, v. 13, iss. 1, pages 186-210, 2021.
700 _aBalofinos, Lady Deborah Sheena.
_eauthor.
_962148
700 _aHimarangan, Jaycel S.
_eauthor.
_964624
700 _aManzano, Jayrick P.
_eauthor.
_964625
700 _aMalnegro, Melody A.
_eauthor.
_964626
942 _2ddc
_cPER
999 _c22164
_d22164